00677nab a2200181 uc450000100070000000500170000700800410002403500110006503500210007604000130009704100080011010000890011824500620020765000440026965000320031365000340034577301160037967101220240917090234.0010622e20010401 spa  a671012 a(OCoLC)819909896 ccomduadb aspa10aMoreno Rivas, Álvaro Martín4aut0(isni)0000 0000 4695 88480(viaf)56421200eaut10aSalida, voz y lealtad: que sucede en la educacion publica 7aPolíticas públicaszColombia2embne 7aEducación pública2lemb aDescentralización educativa0 tEconomía Colombiana y Coyuntura Política (Bogotá)gNo. 283, Abr. 2001, p. 91-98w133114x0120-4998071163